Touts les pays ayant participer a la coupe du monde. - Statistiques

Statistiques générales
  • Ce quiz a été pris 874 fois
  • Le résultat moyen est 57 sur 79
Statistiques - réponses
Nombres de participations Pays Meilleurs Resultats % Correct
15 France Champions
99%
21 Bresil Champions
98%
19 Allemagne (Est et Ouest) Champions
97%
17 Argentine Champions
96%
15 Espagne Champions
95%
18 Italie Champions
95%
5 Maroc Huitieme de FInal
93%
15 Angleterre Champions
92%
7 Portugal 3eme
92%
4 Algerie Huitieme de Final
90%
10 Etats Unis 3eme
90%
11 Russie/URSS 4eme
90%
13 Uruguay Champions
90%
6 Japon Huitieme de Final
89%
1 Canada Poules
88%
13 Belgique 3eme
87%
10 Coree du Sud 4eme
87%
10 Pays Bas Final
87%
5 Australie Huitieme de Final
86%
12 Suede Final
86%
1 Chine Poules
85%
5 Croatie Final
85%
16 Mexique Quart de Final
85%
11 Suisse Quart de Final
84%
5 Tunisie Poules
84%
9 Chili 3eme
83%
3 Norvege Huitieme de Final
82%
8 Pologne 3eme
82%
2 Senegal Quart de Final
82%
3 Afrique du Sud Poules
81%
3 Irlande Quart de Final
81%
6 Colombie Quart de Final
79%
5 Danemark Quart de Final
79%
2 Turquie 3eme
79%
3 Egypte Poules
77%
12 Serbie/Yougoslavie 4eme
77%
7 Autriche 3eme
76%
3 Grece Huitieme de Final
76%
2 Coree du Nord Quart de Final
75%
9 Hongrie Final
75%
1 Ukraine Quart de Final
75%
5 Arabie Saoudite Huitieme de Final
74%
5 Perou Quart de Final
74%
2 Nouvelle Zelande Poules
73%
3 Equateur Huitieme de Final
72%
5 Iran Poules
72%
8 Paraguay Quart de Final
72%
5 Costa Rica Quart de Final
71%
8 Ecosse Poules
70%
1 Islande Poules
70%
9 Republique Tcheque/Tchecoslovaquie Final
70%
3 Ghana Quart de Final
69%
3 Cote d'Ivoire Poules
68%
7 Roumanie Quart de Final
68%
1 Zaire Poules
68%
Forfait Inde .
67%
3 Bolivie Poules
66%
1 Panama Poules
66%
1 Pays de Galles Quart de FInal
66%
1 Slovaquie Huitieme de Final
66%
6 Nigeria Huitieme de Final
65%
2 Slovenie Poules
65%
7 Bulgarie 4eme
64%
3 Honduras Poules
63%
1 Irak Poules
62%
1 Bosnie Herzegovine Poules
56%
1 Cuba Quart de Final
53%
3 Irlande du Nord Quart de Final
53%
1 Jamaique Poules
52%
1 Togo Poules
47%
1 Indonesie Poules
45%
1 Angola Poules
43%
2 Salvador Poules
40%
1 Emirats Arabes Unis Poules
38%
7 Cameroune Quart de Final
37%
1 Haiti Poules
35%
1 Koweit Poules
35%
1 Trinite et Tobago Poules
28%
1 Isreal Poules
5%
Aucun quiz correspondant
Distribution des résultats
% des personnes avec chaque résultat
Percentile par nombre de réponses
Votre historique - résultats
Vous n’avez pas pris ce quiz